000 00870nam a22002177a 4500
005 20240530110531.0
008 160316s2013 ua a g 000 0 ara d
017 _a2013/1510
_bمصر . دار الكتب المصرية
020 _a9789776298934
040 _aEG-CaGPL
082 0 4 _221
_a153.69\
_bخ ل
100 0 _aخبراء المجموعة العربية للتدريب و النشر
245 1 0 _aلغة الجسد و قراءة الافكار /
_cاعداد خبراء المجموعة العربية للتدريب و النشر
250 _aط1
260 _aالقاهرة :
_bالمجموعة العربية للتدريب و النشر ،
_c2013 .
300 _a95 ص :
_bايض ؛
_c30 سم .
490 _aالمهارات السلوكية
650 0 4 _aلغة الجسد
942 _2ddc
_cBK
999 _c62088
_d62088